000 00585nam a22001817a 4500
003 OSt
005 20251204102040.0
008 251204b |||||||| |||| 00| 0 eng d
020 _a81-89741-04-1.
040 _aDWC-Main lib.
_cOC
082 _aRes. 027 R161l 2006
100 _aRajagopalan, A.
245 _aLibraries of the digital age :
_bissues and challenges/
_cRajagopalan, A.
260 _aNew Delhi :
_bSBS Publishers & Distributors Pvt. Ltd.,
_cc2006.
300 _aix, 330 p. ;
_c22 cm.
650 _a1. Libraries-Information technology.
942 _2ddc
_cBK-0 CIRC
_kRes.
_n0
999 _c6800
_d6800